Statistics for Top 100 "A" Baby Girl Names - USA 2022

Click here to take the quiz!

General Stats

  • This quiz has been taken 136 times
  • The average score is 50 of 100

Answer Stats

Answer% Correct
Anna
91%
Abigail
86%
Ava
86%
Ari
85%
Allie
84%
Ariya
84%
Ariyah
84%
Arya
84%
Aria
83%
Ariah
83%
Alice
81%
Amy
81%
Alison
78%
Allison
78%
Amelia
78%
Ashley
78%
Ana
77%
Annie
77%
Angel
76%
Alexa
75%
Angela
75%
Ariana
74%
Arianna
74%
Andrea
71%
Averie
71%
Avery
71%
Alexandra
69%
Aubrey
69%
Ada
68%
Amanda
68%
Annabelle
68%
Audrey
68%
Addison
65%
Alicia
65%
Alexis
62%
Alyssa
62%
Aaliyah
61%
Ariel
61%
Arielle
61%
Amber
60%
Aurora
60%
Angelina
59%
Adriana
57%
April
57%
Alexandria
56%
Alana
54%
Adaline
51%
Adeline
51%
Athena
51%
Alina
47%
Anastasia
47%
Autumn
47%
Amiyah
46%
Amira
45%
Ayla
45%
Ariella
44%
Amaya
42%
Arabella
41%
Adelaide
40%
Amara
40%
Anya
40%
Amina
39%
Astrid
38%
Adalyn
37%
Adalynn
37%
Adelyn
37%
Adelynn
37%
Alma
37%
Aisha
33%
Amari
32%
Alessandra
31%
Aniyah
30%
Ainsley
29%
Alayna
29%
Alejandra
29%
Aliyah
29%
Aurelia
28%
Anaya
26%
Annalise
26%
Ailani
25%
Azalea
25%
Alaia
24%
Alani
24%
Alaya
24%
Alayah
24%
Aspen
24%
Adelina
23%
Alessia
23%
Alondra
22%
Aubree
22%
Alaina
20%
Alivia
20%
Alora
20%
Avianna
20%
Aitana
18%
Anahi
18%
Amora
16%
Armani
16%
Aylin
16%
Antonella
11%

Score Distribution

Percentile by Number Answered

Percent of People with Each Score

Your Score History

You have not taken this quiz